| 000 | 00435nam a2200181Ia 4500 | ||
|---|---|---|---|
| 001 | 16655 | ||
| 005 | 20260306170325.0 | ||
| 008 | 260306t2011||||xx |||||||||||||| ||und|| | ||
| 041 | _aESP | ||
| 082 |
_a349 _bG82 |
||
| 100 |
_aGrossi, Paolo _eAUT |
||
| 245 | 0 |
_aEl novecientos jurídico: _bun siglo posmoderno |
|
| 260 | _c2011 | ||
| 300 |
_a111 páginas : _c21 cm. |
||
| 650 | _aGEN | ||
| 654 | _aCDE | ||
| 942 |
_cLIB _dJUS _fJUS _2ddc _n |
||
| 999 |
_c16655 _d16655 |
||